Catálogo público

Caracterización morfológica y molecular de la cenicilla (Golovinomyces biocellatus ) asociadas a la raíz de manzo (Viguiera excelsa) / (Record no. 220010)

MARC details
000 -CABECERA
campo de control de longitud fija 02992nam a2200337 a 4500
003 - IDENTIFICADOR DEL NÚMERO DE CONTROL
campo de control OSt
005 - FECHA Y HORA DE LA ÚLTIMA TRANSACCIÓN
campo de control 20250612093549.0
007 - CAMPO FIJO DE DESCRIPCIÓN FÍSICA--INFORMACIÓN GENERAL
campo de control de longitud fija cr ||||||a|c|a
008 - DATOS DE LONGITUD FIJA--INFORMACIÓN GENERAL
campo de control de longitud fija 240621s2021 mx a|||fom||| 001 0 spa d
040 ## - FUENTE DE LA CATALOGACIÓN
Normas de descripción rda
100 1# - ENTRADA PRINCIPAL--NOMBRE DE PERSONA
9 (RLIN) 189244
Nombre de persona Quintero Cabrera, David
245 10 - MENCIÓN DE TÍTULO
Título Caracterización morfológica y molecular de la cenicilla (Golovinomyces biocellatus ) asociadas a la raíz de manzo (Viguiera excelsa) /
Mención de responsabilidad, etc. por David Quintero Cabrera; director de tesis Santos Gerardo Leyva Mir; secretario J. Antonio Tafoya Razo; vocal Jaime Alfredo Urzúa Gutiérrez; suplente Roney Solano Vidal; suplente Calixto Leopoldo Carrillo Fonseca.
264 #1 - PRODUCCIÓN, PUBLICACIÓN, DISTRIBUCIÓN, FABRICACIÓN Y COPYRIGHT
Producción, publicación, distribución, fabricación y copyright Chapingo, México :
Nombre del de productor, editor, distribuidor, fabricante El autor,
Fecha de producción, publicación, distribución, fabricación o copyright 2021.
300 ## - DESCRIPCIÓN FÍSICA
Extensión 1 recurso en línea (44 páginas):
Otras características físicas cuadros, figuras.
336 ## - TIPO DE CONTENIDO
Fuente rdacontent
Término de tipo de contenido texto
Código de tipo de contenido txt
337 ## - TIPO DE MEDIO
Fuente rdamedia
Nombre/término del tipo de medio computadora
Código del tipo de medio c
338 ## - TIPO DE SOPORTE
Fuente rdacarrier
Nombre/término del tipo de soporte recurso en línea
Código del tipo de soporte cr
502 ## - NOTA DE TESIS
Tipo de título Ingeniero Agrónomo Especialista en Parasitología Agrícola
Nombre de la institución que otorga el título Departamento de Enseñanza, Investigación y Servicio en Parasitología Agrícola,
Año de obtención del título 2021.
Información miscelánea Licenciatura
504 ## - NOTA DE BIBLIOGRAFÍA, ETC.
Nota de bibliografía, etc. Incluye referencias bibliográficas: páginas 25-29,42-44.
520 ## - SUMARIO, ETC.
Sumario, etc. Romerillo grueso (Viguiera excelsa) es una planta silvestre y endémica de México distribuida en lugares perturbados y de vegetación secundaria derivada generalmente de encinares y bosques tropicales. Durante Junio de 2018 plantas de esta especie creciendo de manera natural exhibieron síntomas de cenicilla en las hojas y peciolos en el estado de Hidalgo, México. El micelio encontrado fue anfígeno, hialino el cual presentó apresorios hifales ligeramente lobulados. También se encontraron conidios de forma doliiforme a elipsoide-ovoide, 27.24 a 39.57 x 12.18 a 21.79 μm (n=100), con cuerpos fibrosina ausentes, así mismo los conidios presentaron tubos germinativos de tipo Reticuloidium. Los caracteres morfológicos fueron consistentes por los descritos para Golovynomyces biocellatus por Braun y Cook (1987) y el tipo de tubo germinativo coincide con lo reportado por Cook y Braun (2009). Para confirmar la identificación, la región ITS del rDNA fue amplificada usando los primers ITS5 y ITS4 (White et al.1990). También se amplifico la región 28S del rDNA mediante una PCR anidad con los primers PM3 (Takamatsu y Kano, 2001) y TW14 (Mori et al., 2000) para la primera reacción, y para la segunda reacción se emplearon los primers NL1 y TW14 (Mori et al., 2000).
650 #4 - PUNTO DE ACCESO ADICIONAL DE MATERIA--TÉRMINO DE MATERIA
Término de materia o nombre geográfico como elemento de entrada Viguiera excelsa
Subdivisión general Enfermedades por hongos
9 (RLIN) 189245
650 #4 - PUNTO DE ACCESO ADICIONAL DE MATERIA--TÉRMINO DE MATERIA
9 (RLIN) 135180
Término de materia o nombre geográfico como elemento de entrada Golovinomyces biocellatus
Subdivisión general Identificación
650 #4 - PUNTO DE ACCESO ADICIONAL DE MATERIA--TÉRMINO DE MATERIA
9 (RLIN) 189246
Término de materia o nombre geográfico como elemento de entrada Golovinomyces biocellatus
Subdivisión general Fisiología y morfología
700 1# - PUNTO DE ACCESO ADICIONAL--NOMBRE DE PERSONA
Nombre de persona Leyva Mir, Santos Gerardo
Término indicativo de función/relación Director de tesis.
9 (RLIN) 66581
700 0# - PUNTO DE ACCESO ADICIONAL--NOMBRE DE PERSONA
Nombre de persona Tafoya Razo, José Antonio
Término indicativo de función/relación Secretario.
9 (RLIN) 111341
700 1# - PUNTO DE ACCESO ADICIONAL--NOMBRE DE PERSONA
9 (RLIN) 117018
Nombre de persona Urzúa Gutiérrez, Jaime Alfredo
Término indicativo de función/relación Vocal.
700 1# - PUNTO DE ACCESO ADICIONAL--NOMBRE DE PERSONA
9 (RLIN) 189248
Nombre de persona Solano Vidal, Roney
Término indicativo de función/relación Suplente.
700 1# - PUNTO DE ACCESO ADICIONAL--NOMBRE DE PERSONA
9 (RLIN) 19482
Nombre de persona Carrillo Fonseca, Calixto Leopoldo
Término indicativo de función/relación Suplente.
856 ## - LOCALIZACIÓN Y ACCESO ELECTRÓNICOS
Identificador Uniforme del Recurso http://10.13.5.2/tesis/tl/2021_PA_Quintero_Cabrera_David.pdf
Nota pública DESCARGAR PDF
942 ## - ELEMENTOS DE PUNTO DE ACCESO ADICIONAL (KOHA)
Fuente del sistema de clasificación o colocación Clasificación Universidad Autónoma Chapingo
Tipo de ítem Koha Tesis digital
Holdings
Estado de retiro Estado de pérdida Fuente del sistema de clasificación o colocación Estado dañado Restricciones de uso No para préstamo Código de colección Localización permanente Ubicación/localización actual Ubicación en estantería Fecha de adquisición Total de préstamos Signatura topográfica completa Fecha visto por última vez Precio válido a partir de Tipo de ítem Koha
    Clasificación Universidad Autónoma de Chapingo   Préstamo interno   Tesis digitales de Licenciatura Biblioteca Digital Biblioteca Digital En línea 21/06/2024   Tesis digital 21/06/2024 21/06/2024 Tesis digital